| 000 | 00846cam a22002891 4500 | ||
|---|---|---|---|
| 001 | 8057 | ||
| 003 | BD-RjUL | ||
| 005 | 20211208234521.0 | ||
| 008 | 140116s1949 nyu b 001 0 eng d | ||
| 035 | _a(BD-RjUL) 8102 | ||
| 035 | _a(OCoLC)175502 | ||
| 040 |
_aDLC _cODaWU _dOCoLC _d(BD-RjUL) _beng |
||
| 041 | _aeng | ||
| 082 | 0 | 0 |
_a370.904 _bMED |
| 100 | 1 |
_aMeyer, Adolphe Erich, _d1897- _925127 |
|
| 245 | 1 | 4 |
_aThe development of education in the twentieth century / _cMeyer, Adolphe Erich, |
| 250 | _a2d ed. | ||
| 260 |
_aNew York : _bPrentice-Hall, _c1949. |
||
| 300 |
_axvii, 609 p. ; _c22 cm. |
||
| 490 | 0 | _aPrentice-Hall education series | |
| 504 | _aIncludes Index | ||
| 650 | 0 |
_aEducation _xHistory _y20th century. _925128 |
|
| 650 | 0 |
_aEducators. _919184 |
|
| 942 |
_2ddc _cBK |
||
| 999 |
_c8057 _d8057 |
||